<?xml version="1.0" encoding="UTF-8"?><?xml-stylesheet type="text/xsl" href="static/style.xsl"?><OAI-PMH xmlns="http://www.openarchives.org/OAI/2.0/" xmlns:xsi="http://www.w3.org/2001/XMLSchema-instance" xsi:schemaLocation="http://www.openarchives.org/OAI/2.0/ http://www.openarchives.org/OAI/2.0/OAI-PMH.xsd"><responseDate>2026-04-13T13:36:34Z</responseDate><request verb="GetRecord" identifier="oai:www.recercat.cat:2117/172745" metadataPrefix="marc">https://recercat.cat/oai/request</request><GetRecord><record><header><identifier>oai:recercat.cat:2117/172745</identifier><datestamp>2025-07-22T23:10:02Z</datestamp><setSpec>com_2072_1033</setSpec><setSpec>col_2072_452951</setSpec></header><metadata><record xmlns="http://www.loc.gov/MARC21/slim" xmlns:dcterms="http://purl.org/dc/terms/" xmlns:xsi="http://www.w3.org/2001/XMLSchema-instance" xmlns:doc="http://www.lyncode.com/xoai" xsi:schemaLocation="http://www.loc.gov/MARC21/slim http://www.loc.gov/standards/marcxml/schema/MARC21slim.xsd">
   <leader>00925njm 22002777a 4500</leader>
   <datafield ind2=" " ind1=" " tag="042">
      <subfield code="a">dc</subfield>
   </datafield>
   <datafield ind2=" " ind1=" " tag="720">
      <subfield code="a">Martí Sañudo, Juan</subfield>
      <subfield code="e">author</subfield>
   </datafield>
   <datafield ind2=" " ind1=" " tag="260">
      <subfield code="c">2019-07-08</subfield>
   </datafield>
   <datafield ind2=" " ind1=" " tag="520">
      <subfield code="a">El proyecto consiste en la corrección de una onda trifásica distorsionada por la acción de una carga descompensada mediante la utilización de un filtro activo de potencia trifásico, con un control en modo deslizante. Para esto, se desarrollará un control en modo deslizante que actuará sobre las tres (3) fases de corriente[a; b; c], sin necesidad de hacer cambios de coordenadas, permitiendo así reducir el error de conmutación del sistema. Para esto se definirán dos modelos de control: Un control en modo deslizamiento con dos (2) super cies de control, de las cuales una controlará la diferencia entre dos (2) fases eléctricas y la otra una(1) fase. Un controlador convencional en coordenadas  -  . El proyecto pretende demostrar, no únicamente que el control en modo deslizante corrige la distorsión de manera tan rápida y robusta como un controlador convencional en coordenadas  - , sino que además reduce los errores de conmutación que tiene el mismo. Para conseguir esto, se modelará un circuito eléctrico en Matlab-Simulink que tenga una carga que distorsione la red y un  ltro activo para compensarla, con dos (2) controles, uno (1) convencional en coordenadas  -  y otro con un control en modo deslizante de nido, de modo que se puedan comparar sus respuestas, demostrando así la reducción de los errores de conmutación.</subfield>
   </datafield>
   <datafield tag="653" ind2=" " ind1=" ">
      <subfield code="a">Àrees temàtiques de la UPC::Enginyeria electrònica::Electrònica de potència</subfield>
   </datafield>
   <datafield tag="653" ind2=" " ind1=" ">
      <subfield code="a">Àrees temàtiques de la UPC::Informàtica::Automàtica i control</subfield>
   </datafield>
   <datafield tag="653" ind2=" " ind1=" ">
      <subfield code="a">Sliding mode control</subfield>
   </datafield>
   <datafield tag="653" ind2=" " ind1=" ">
      <subfield code="a">Automatic control</subfield>
   </datafield>
   <datafield tag="653" ind2=" " ind1=" ">
      <subfield code="a">Filtro activo</subfield>
   </datafield>
   <datafield tag="653" ind2=" " ind1=" ">
      <subfield code="a">Factor de potencia</subfield>
   </datafield>
   <datafield tag="653" ind2=" " ind1=" ">
      <subfield code="a">Control en modo deslizante</subfield>
   </datafield>
   <datafield tag="653" ind2=" " ind1=" ">
      <subfield code="a">Distorsión</subfield>
   </datafield>
   <datafield tag="653" ind2=" " ind1=" ">
      <subfield code="a">Filtres actius</subfield>
   </datafield>
   <datafield tag="653" ind2=" " ind1=" ">
      <subfield code="a">Control automàtic</subfield>
   </datafield>
   <datafield ind2="0" ind1="0" tag="245">
      <subfield code="a">Control en modo deslizamiento de un filtro activo de potencia trifásico</subfield>
   </datafield>
</record></metadata></record></GetRecord></OAI-PMH>